000 00472nam a2200169 i 4500
001 24857
003 ES-MaACL
005 20230906153139.0
007 t|
008 021219s1970 sp ||||1| spa d
245 0 0 _aAntología de la poesía social catalana /
_cAngel Carmona.
250 _a[1ª ed.].
260 _aMadrid ;
_aBarcelona :
_bAlfaguara,
_c[1970]
300 _a391 p. ;
_c21 cm.
700 1 _aCarmona, Angel.
_935333
852 _aES-MaACL
_jC-46221
_bR.73909
999 _c24857
_d24857